Statistics for NHL, MLB and NBA team logos with a face in them (2016)

Click here to take the quiz!

General Stats

  • This quiz has been taken 792 times
    (489 since last reset)
  • The average score is 17 of 43

Answer Stats

Hint Answer % Correct
NFLNew England Patriots
63%
NHLFlorida Panthers
61%
NFLCarolina Panthers
60%
NFLWashington Redskins
59%
NHLChicago Blackhawks
54%
NFLArizona Cardinals
51%
MLBSt Louis Cardinals
50%
MLBCleveland Indians
47%
NFLSeattle Seahawks
47%
NBABoston Celtics
47%
NFLPhiladelphia Eagles
46%
NFLMiami Dolphins
45%
NFLBaltimore Ravens
45%
NFLAtlanta Falcons
44%
NFLJacksonville Jaguars
44%
NFLMinnesota Vikings
44%
NHLPittsburgh Penguins
44%
NFLDetroit Lions
43%
NFLOakland Raiders
43%
NHLOttawa Senators
42%
NFLDenver Broncos
41%
NBAChicago Bulls
39%
NBAAtlanta Hawks
39%
NHLSan Jose Sharks
38%
NFLTampa Bay Buccaneers
38%
NFLBuffalo Bills
37%
MLBBaltimore Orioles
36%
MLBToronto Bluejays
36%
NFLSt. Louis Rams
36%
NHLNashville Predators
35%
NFLHouston Texans
34%
NBAMinnesota Timberwolves
34%
NBAMilwaukee Bucks
33%
NHLArizona Coyotes
33%
NBANew Orleans Pelicans
31%
NHLVancouver Canucks
30%
NHLMinnesota Wild
30%
NBADallas Mavericks
28%
NBACharlotte Hornets
28%
NBAMemphis Grizzlies
27%
NHLBuffalo Sabres
27%
MLBPittsburgh Pirates
26%
MLBMiami Marlins
19%

Score Distribution

Percentile by Number Answered

Percent of People with Each Score

Your Score History

You have not taken this quiz since the last reset